| 000 | 01457cam a22004334i 4500 | ||
|---|---|---|---|
| 003 | PE-LiUPU | ||
| 005 | 20250731172956.0 | ||
| 008 | 150623s r 000 0 d | ||
| 035 | _a(Sirsi) a21695 | ||
| 040 |
_aPE-LiUPU _bspa _cPE-LiUPU _erda |
||
| 082 | 0 | 4 |
_a264.2 _bC77 _221 |
| 100 | 1 |
_aCorbitt, J. Nathan, _eautor. |
|
| 245 | 1 | 4 |
_aThe sound of the harvest: music's mission in church and culture / _cJ. Nathan Corbitt. |
| 264 | 1 |
_aMichigan : _bBaker Books, _c1998. |
|
| 300 |
_a350 páginas : _bilustraciones, gráficos ; _c22.5 cm. |
||
| 336 |
_atext _2rdacontent |
||
| 337 |
_aunmediated _2rdamedia |
||
| 338 |
_avolume _2rdacarrier |
||
| 504 | _aIncluye bibliografía. | ||
| 505 | 0 | _aMusic in the kingdom. -Music for the kingdom. | |
| 526 | _aSEG42 | ||
| 526 | _aSEG41 | ||
| 526 | _aSEG40 | ||
| 526 | _aSEG39 | ||
| 526 | _aP94 | ||
| 526 | _aP87 | ||
| 526 | _aP86 | ||
| 526 | _aP85 | ||
| 526 | _aP77 | ||
| 526 | _aP76 | ||
| 526 | _aP35 | ||
| 650 | 0 | 4 | _aMúsica en la iglesia. |
| 650 | 0 | 4 | _aMúsica en la educación cristiana. |
| 942 |
_2ddc _cBOOK |
||
| 949 |
_a264.2 C77 _wDEWEY _c1 _i45327 _lCCODEBUL1 _mBUL _p00.00 _r0 _sY _tBOOK _u2015-06-24 _xTEOLOGIA _PP35 _0COMPRA _o.STAFF. Colección General |
||
| 596 | _a1 | ||
| 999 |
_a264.2 C77 _wDEWEY _c22186 _i45327 _f2021-11-10 _g5 _lCCODEBUL1 _mBUL _r0 _sY _tBOOK _u2015-6-24 _xTEOLOGIA _PP35 _0COMPRA _o.STAFF. Colección General _d22186 |
||
| 980 |
_81 _gALBERTO SANCHEZ Responsable de Automatización |
||